000 00701nam a2200241Ia 4500
003 OSt
005 20220926013101.0
006 a|||||r|||| 00| 0
007 ta
008 220923b |||||||| |||| 00| 0 eng d
037 _cGeneral Book
040 _aRTL
_cRTL
_beng
041 _2eng
_aeng
082 _aY73(P6).7311.N30<--M90, K8
100 _aOsofsky Gilbert
_9317807
245 0 _aHarlem
_b The making of a Chetto Negro
260 _aNew York
_bHarper and Row
_c1966
300 _axi, 259p
_ccm.
500 _aBibliography: P 189-200
650 _aNegroes
942 _hY73(P6).7311.N30<--M90, K8
_cGB
_2CC
999 _c625139
_d625139